Geografía universal Salvat / (Record no. 107789)
[ view plain ]
| 000 -LEADER | |
|---|---|
| campo de control de longitud fija | 00875nam a2200193 4500 |
| 001 - NÚMERO DE CONTROL | |
| campo de control | 22826 |
| 005 - FECHA Y HORA DE LA ÚLTIMA TRANSACCIÓN | |
| campo de control | 20230411085821.0 |
| 008 - DATOS DE LONGITUD FIJA--INFORMACIÓN GENERAL | |
| campo de control de longitud fija | 060907n2001 dr spa |
| 020 ## - NÚMERO INTERNACIONAL ESTÁNDAR DEL LIBRO | |
| Número Internacional Estándar del Libro | 8434567989 (O.c) |
| 035 ## - NÚMERO DE CONTROL DEL SISTEMA | |
| -- | funglode22991 |
| 041 ## - CÓDIGO DE IDIOMA | |
| Código de lengua del texto/banda sonora o título independiente | ES |
| 050 14 - SIGNATURA TOPOGRÁFICA DE LA BIBLIOTECA DEL CONGRESO | |
| Número de clasificación | R G 116 G345 2001 |
| 245 0# - MENCIÓN DEL TÍTULO | |
| Título | Geografía universal Salvat / |
| Mención de responsabilidad, etc. | dirección Luciano Boschetti, Oriol Soler |
| 260 ## - PUBLICACIÓN, DISTRIBUCIÓN, ETC. | |
| Lugar de publicación, distribución, etc. | Barcelona : |
| Nombre del editor, distribuidor, etc. | Salvat Editores, |
| Fecha de publicación, distribución, etc. | 2001 |
| 300 ## - DESCRIPCIÓN FÍSICA | |
| Extensión | 16 v. |
| 505 ## - NOTA DE CONTENIDO CON FORMATO | |
| Nota de contenido con formato | v.1: La Tierra. Europa. -- v.2: Europa. -- v.3: Europa. -- v.4: Europa - Asia. -- v.5: Asia. -- v.6 Asia - Oriente Medio - Artico. -- v.7 América. -- v.8 América. -- v.9 América - Antártida. -- v.10 Africa. -- v.11 Africa. -- v.12: Africa - Oceanía. -- v.13: España I. -- v.14: España II. -- v.15: España III. -- v.16: Atlas Universal |
| 700 ## - ENTRADA AGREGADA--NOMBRE PERSONAL | |
| Nombre de persona | Boschetti, Luciano \ Soler, Oriol |
| 942 ## - ELEMENTOS DE ENTRADA SECUNDARIOS (KOHA) | |
| Fuente del sistema de clasificación o colocación | Clasificación de Library of Congress |
| Tipo de ítem Koha | |
| Estatus retirado | Estado de pérdida | Fuente del sistema de clasificación o colocación | Estado de daño | No para préstamo | Colección | Biblioteca de origen | Biblioteca actual | Ubicación en estantería | Fecha de adquisición | Signatura topográfica completa | Código de barras | Visto por última vez | Copia número | Tipo de ítem Koha |
|---|---|---|---|---|---|---|---|---|---|---|---|---|---|---|
| Clasificación de Library of Congress | Referencia | Biblioteca Juan Bosch | Biblioteca Juan Bosch | Referencia (1er. Piso) | 17/02/2019 | R G 116 G345 2001 | 00000023544 | 17/02/2019 | 1 | |||||
| Clasificación de Library of Congress | Referencia | Biblioteca Juan Bosch | Biblioteca Juan Bosch | Referencia (1er. Piso) | 17/02/2019 | R G 116 G345 2001 | 00000023153 | 17/02/2019 | 1 | |||||
| Clasificación de Library of Congress | Referencia | Biblioteca Juan Bosch | Biblioteca Juan Bosch | Referencia (1er. Piso) | 17/02/2019 | R G 116 G345 2001 | 00000023154 | 17/02/2019 | 1 | |||||
| Clasificación de Library of Congress | Referencia | Biblioteca Juan Bosch | Biblioteca Juan Bosch | Referencia (1er. Piso) | 17/02/2019 | R G 116 G345 2001 | 00000023155 | 17/02/2019 | 1 | |||||
| Clasificación de Library of Congress | Referencia | Biblioteca Juan Bosch | Biblioteca Juan Bosch | Referencia (1er. Piso) | 17/02/2019 | R G 116 G345 2001 | 00000023156 | 17/02/2019 | 1 | |||||
| Clasificación de Library of Congress | Referencia | Biblioteca Juan Bosch | Biblioteca Juan Bosch | Referencia (1er. Piso) | 17/02/2019 | R G 116 G345 2001 | 00000023157 | 17/02/2019 | 1 | |||||
| Clasificación de Library of Congress | Referencia | Biblioteca Juan Bosch | Biblioteca Juan Bosch | Referencia (1er. Piso) | 17/02/2019 | R G 116 G345 2001 | 00000023158 | 17/02/2019 | 1 | |||||
| Clasificación de Library of Congress | Referencia | Biblioteca Juan Bosch | Biblioteca Juan Bosch | Referencia (1er. Piso) | 17/02/2019 | R G 116 G345 2001 | 00000023159 | 17/02/2019 | 1 | |||||
| Clasificación de Library of Congress | Referencia | Biblioteca Juan Bosch | Biblioteca Juan Bosch | Referencia (1er. Piso) | 17/02/2019 | R G 116 G345 2001 | 00000023160 | 17/02/2019 | 1 | |||||
| Clasificación de Library of Congress | Referencia | Biblioteca Juan Bosch | Biblioteca Juan Bosch | Referencia (1er. Piso) | 17/02/2019 | R G 116 G345 2001 | 00000023161 | 17/02/2019 | 1 | |||||
| Clasificación de Library of Congress | Referencia | Biblioteca Juan Bosch | Biblioteca Juan Bosch | Referencia (1er. Piso) | 17/02/2019 | R G 116 G345 2001 | 00000023162 | 17/02/2019 | 1 | |||||
| Clasificación de Library of Congress | Referencia | Biblioteca Juan Bosch | Biblioteca Juan Bosch | Referencia (1er. Piso) | 17/02/2019 | R G 116 G345 2001 | 00000023163 | 17/02/2019 | 1 | |||||
| Clasificación de Library of Congress | Referencia | Biblioteca Juan Bosch | Biblioteca Juan Bosch | Referencia (1er. Piso) | 17/02/2019 | R G 116 G345 2001 | 00000023540 | 17/02/2019 | 1 | |||||
| Clasificación de Library of Congress | Referencia | Biblioteca Juan Bosch | Biblioteca Juan Bosch | Referencia (1er. Piso) | 17/02/2019 | R G 116 G345 2001 | 00000023541 | 17/02/2019 | 1 | |||||
| Clasificación de Library of Congress | Referencia | Biblioteca Juan Bosch | Biblioteca Juan Bosch | Referencia (1er. Piso) | 17/02/2019 | R G 116 G345 2001 | 00000023542 | 17/02/2019 | 1 | |||||
| Clasificación de Library of Congress | Referencia | Biblioteca Juan Bosch | Biblioteca Juan Bosch | Referencia (1er. Piso) | 17/02/2019 | R G 116 G345 2001 | 00000023543 | 17/02/2019 | 1 |
